<?xml version="1.0" encoding="UTF-8"?>
<collection xmlns="http://www.loc.gov/MARC21/slim">
 <record>
  <leader>06067cam a2201153 c 4500</leader>
  <controlfield tag="001">025739077</controlfield>
  <controlfield tag="003">DE-627</controlfield>
  <controlfield tag="005">20260318091455.0</controlfield>
  <controlfield tag="007">tu</controlfield>
  <controlfield tag="008">920324s1974    gw |||||      00| ||ger c</controlfield>
  <datafield tag="015" ind1=" " ind2=" ">
   <subfield code="a">74,A32,0218</subfield>
   <subfield code="2">dnb</subfield>
  </datafield>
  <datafield tag="016" ind1="7" ind2=" ">
   <subfield code="a">740364014</subfield>
   <subfield code="2">DE-101</subfield>
  </datafield>
  <datafield tag="020" ind1=" " ind2=" ">
   <subfield code="a">3490043154</subfield>
   <subfield code="9">3-490-04315-4</subfield>
  </datafield>
  <datafield tag="035" ind1=" " ind2=" ">
   <subfield code="a">(DE-627)025739077</subfield>
  </datafield>
  <datafield tag="035" ind1=" " ind2=" ">
   <subfield code="a">(DE-603)019220642</subfield>
  </datafield>
  <datafield tag="035" ind1=" " ind2=" ">
   <subfield code="a">(DE-576)004098382</subfield>
  </datafield>
  <datafield tag="035" ind1=" " ind2=" ">
   <subfield code="a">(DE-599)GBV025739077</subfield>
  </datafield>
  <datafield tag="035" ind1=" " ind2=" ">
   <subfield code="a">(OCoLC)263182756</subfield>
  </datafield>
  <datafield tag="035" ind1=" " ind2=" ">
   <subfield code="a">(OCoLC)185606806</subfield>
  </datafield>
  <datafield tag="035" ind1=" " ind2=" ">
   <subfield code="a">(DE-604)8019607695</subfield>
  </datafield>
  <datafield tag="040" ind1=" " ind2=" ">
   <subfield code="a">DE-627</subfield>
   <subfield code="b">ger</subfield>
   <subfield code="c">DE-627</subfield>
   <subfield code="e">rakwb</subfield>
  </datafield>
  <datafield tag="041" ind1=" " ind2=" ">
   <subfield code="a">ger</subfield>
  </datafield>
  <datafield tag="044" ind1=" " ind2=" ">
   <subfield code="c">XA-DE</subfield>
   <subfield code="c">XA-DE-HH</subfield>
   <subfield code="c">XA-DE-BE</subfield>
  </datafield>
  <datafield tag="050" ind1=" " ind2="0">
   <subfield code="a">HC240.9.F3</subfield>
  </datafield>
  <datafield tag="082" ind1="0" ind2=" ">
   <subfield code="a">330.94303</subfield>
  </datafield>
  <datafield tag="082" ind1="0" ind2=" ">
   <subfield code="a">330.94</subfield>
   <subfield code="q">OCLC</subfield>
  </datafield>
  <datafield tag="084" ind1=" " ind2=" ">
   <subfield code="a">05a</subfield>
   <subfield code="2">sdnb</subfield>
  </datafield>
  <datafield tag="084" ind1=" " ind2=" ">
   <subfield code="a">05a</subfield>
   <subfield code="a">22a</subfield>
   <subfield code="a">05b</subfield>
   <subfield code="2">sdnb</subfield>
  </datafield>
  <datafield tag="084" ind1=" " ind2=" ">
   <subfield code="a">NW 4100</subfield>
   <subfield code="2">rvk</subfield>
   <subfield code="0">(DE-625)rvk/132105:</subfield>
  </datafield>
  <datafield tag="084" ind1=" " ind2=" ">
   <subfield code="a">QF 410</subfield>
   <subfield code="2">rvk</subfield>
   <subfield code="0">(DE-625)rvk/141347:</subfield>
  </datafield>
  <datafield tag="084" ind1=" " ind2=" ">
   <subfield code="a">NW 2200</subfield>
   <subfield code="2">rvk</subfield>
   <subfield code="0">(DE-625)rvk/131972:</subfield>
  </datafield>
  <datafield tag="084" ind1=" " ind2=" ">
   <subfield code="a">QF 010</subfield>
   <subfield code="2">rvk</subfield>
   <subfield code="0">(DE-625)rvk/141306:</subfield>
  </datafield>
  <datafield tag="084" ind1=" " ind2=" ">
   <subfield code="a">15.08</subfield>
   <subfield code="2">bkl</subfield>
  </datafield>
  <datafield tag="084" ind1=" " ind2=" ">
   <subfield code="a">15.34</subfield>
   <subfield code="2">bkl</subfield>
  </datafield>
  <datafield tag="084" ind1=" " ind2=" ">
   <subfield code="a">44.21</subfield>
   <subfield code="2">bkl</subfield>
  </datafield>
  <datafield tag="100" ind1="1" ind2=" ">
   <subfield code="a">Abel, Wilhelm</subfield>
   <subfield code="d">1904-1985</subfield>
   <subfield code="e">VerfasserIn</subfield>
   <subfield code="0">(DE-588)118646494</subfield>
   <subfield code="0">(DE-627)079432131</subfield>
   <subfield code="0">(DE-576)160015626</subfield>
   <subfield code="4">aut</subfield>
  </datafield>
  <datafield tag="245" ind1="1" ind2="0">
   <subfield code="a">Massenarmut und Hungerkrisen im vorindustriellen Europa</subfield>
   <subfield code="b">Versuch einer Synopsis ; mit 8 Tabellen</subfield>
   <subfield code="c">von Wilhelm Abel</subfield>
  </datafield>
  <datafield tag="264" ind1=" " ind2="1">
   <subfield code="a">Hamburg</subfield>
   <subfield code="a">Berlin</subfield>
   <subfield code="b">Parey</subfield>
   <subfield code="c">1974</subfield>
  </datafield>
  <datafield tag="300" ind1=" " ind2=" ">
   <subfield code="a">427 S.</subfield>
   <subfield code="b">zahlr. graph. Darst., Kt.</subfield>
   <subfield code="c">26 cm</subfield>
  </datafield>
  <datafield tag="336" ind1=" " ind2=" ">
   <subfield code="a">Text</subfield>
   <subfield code="b">txt</subfield>
   <subfield code="2">rdacontent</subfield>
  </datafield>
  <datafield tag="337" ind1=" " ind2=" ">
   <subfield code="a">ohne Hilfsmittel zu benutzen</subfield>
   <subfield code="b">n</subfield>
   <subfield code="2">rdamedia</subfield>
  </datafield>
  <datafield tag="338" ind1=" " ind2=" ">
   <subfield code="a">Band</subfield>
   <subfield code="b">nc</subfield>
   <subfield code="2">rdacarrier</subfield>
  </datafield>
  <datafield tag="583" ind1="1" ind2=" ">
   <subfield code="a">Massenentsäuert</subfield>
   <subfield code="c">2009</subfield>
   <subfield code="2">pdager</subfield>
   <subfield code="5">DE-18</subfield>
  </datafield>
  <datafield tag="583" ind1="1" ind2=" ">
   <subfield code="a">Massenentsäuert</subfield>
   <subfield code="c">2014</subfield>
   <subfield code="k">DE-18</subfield>
   <subfield code="2">pdager</subfield>
   <subfield code="5">DE-H353</subfield>
  </datafield>
  <datafield tag="648" ind1=" " ind2="7">
   <subfield code="a">Geschichte 1500-1850</subfield>
   <subfield code="2">gnd</subfield>
  </datafield>
  <datafield tag="648" ind1=" " ind2="7">
   <subfield code="a">Geschichte 1500-1850</subfield>
   <subfield code="2">gnd</subfield>
  </datafield>
  <datafield tag="650" ind1="0" ind2="7">
   <subfield code="0">(DE-588)4122403-6</subfield>
   <subfield code="0">(DE-627)105762695</subfield>
   <subfield code="0">(DE-576)209551100</subfield>
   <subfield code="a">Vorindustrielle Gesellschaft</subfield>
   <subfield code="2">gnd</subfield>
  </datafield>
  <datafield tag="650" ind1="0" ind2="7">
   <subfield code="0">(DE-588)4002963-3</subfield>
   <subfield code="0">(DE-627)104152397</subfield>
   <subfield code="0">(DE-576)208849491</subfield>
   <subfield code="a">Armut</subfield>
   <subfield code="2">gnd</subfield>
  </datafield>
  <datafield tag="650" ind1="0" ind2="7">
   <subfield code="0">(DE-588)4160816-1</subfield>
   <subfield code="0">(DE-627)10476631X</subfield>
   <subfield code="0">(DE-576)209860758</subfield>
   <subfield code="a">Hungersnot</subfield>
   <subfield code="2">gnd</subfield>
  </datafield>
  <datafield tag="650" ind1="0" ind2="7">
   <subfield code="0">(DE-588)4173575-4</subfield>
   <subfield code="0">(DE-627)105378909</subfield>
   <subfield code="0">(DE-576)209951281</subfield>
   <subfield code="a">Pauperismus</subfield>
   <subfield code="2">gnd</subfield>
  </datafield>
  <datafield tag="650" ind1="0" ind2="7">
   <subfield code="0">(DE-588)4122403-6</subfield>
   <subfield code="0">(DE-627)105762695</subfield>
   <subfield code="0">(DE-576)209551100</subfield>
   <subfield code="a">Vorindustrielle Gesellschaft</subfield>
   <subfield code="2">gnd</subfield>
  </datafield>
  <datafield tag="650" ind1="0" ind2="7">
   <subfield code="0">(DE-588)4066466-1</subfield>
   <subfield code="0">(DE-627)106113429</subfield>
   <subfield code="0">(DE-576)209164727</subfield>
   <subfield code="a">Wirtschaftskrise</subfield>
   <subfield code="2">gnd</subfield>
  </datafield>
  <datafield tag="651" ind1=" " ind2="7">
   <subfield code="0">(DE-588)4011882-4</subfield>
   <subfield code="0">(DE-627)104704861</subfield>
   <subfield code="0">(DE-576)208896155</subfield>
   <subfield code="a">Deutschland</subfield>
   <subfield code="2">gnd</subfield>
  </datafield>
  <datafield tag="651" ind1=" " ind2="7">
   <subfield code="0">(DE-588)4015701-5</subfield>
   <subfield code="0">(DE-627)104289007</subfield>
   <subfield code="0">(DE-576)208913092</subfield>
   <subfield code="a">Europa</subfield>
   <subfield code="2">gnd</subfield>
  </datafield>
  <datafield tag="651" ind1=" " ind2="7">
   <subfield code="0">(DE-588)4011882-4</subfield>
   <subfield code="0">(DE-627)104704861</subfield>
   <subfield code="0">(DE-576)208896155</subfield>
   <subfield code="a">Deutschland</subfield>
   <subfield code="2">gnd</subfield>
  </datafield>
  <datafield tag="653" ind1=" " ind2="0">
   <subfield code="a">Europe</subfield>
   <subfield code="a">Economic conditions</subfield>
  </datafield>
  <datafield tag="653" ind1=" " ind2="0">
   <subfield code="a">Poverty</subfield>
  </datafield>
  <datafield tag="653" ind1=" " ind2="0">
   <subfield code="a">Famines</subfield>
   <subfield code="a">Europe</subfield>
  </datafield>
  <datafield tag="653" ind1=" " ind2="0">
   <subfield code="a">Agriculture</subfield>
   <subfield code="a">Economic aspects</subfield>
   <subfield code="a">Europe</subfield>
  </datafield>
  <datafield tag="689" ind1="0" ind2="0">
   <subfield code="d">s</subfield>
   <subfield code="0">(DE-588)4160816-1</subfield>
   <subfield code="0">(DE-627)10476631X</subfield>
   <subfield code="0">(DE-576)209860758</subfield>
   <subfield code="a">Hungersnot</subfield>
   <subfield code="2">gnd</subfield>
  </datafield>
  <datafield tag="689" ind1="0" ind2="1">
   <subfield code="a">z</subfield>
   <subfield code="2">gnd</subfield>
   <subfield code="a">Geschichte 1500-1850</subfield>
  </datafield>
  <datafield tag="689" ind1="0" ind2=" ">
   <subfield code="5">DE-101</subfield>
  </datafield>
  <datafield tag="689" ind1="1" ind2="0">
   <subfield code="d">g</subfield>
   <subfield code="0">(DE-588)4015701-5</subfield>
   <subfield code="0">(DE-627)104289007</subfield>
   <subfield code="0">(DE-576)208913092</subfield>
   <subfield code="a">Europa</subfield>
   <subfield code="2">gnd</subfield>
  </datafield>
  <datafield tag="689" ind1="1" ind2="1">
   <subfield code="d">s</subfield>
   <subfield code="0">(DE-588)4002963-3</subfield>
   <subfield code="0">(DE-627)104152397</subfield>
   <subfield code="0">(DE-576)208849491</subfield>
   <subfield code="a">Armut</subfield>
   <subfield code="2">gnd</subfield>
  </datafield>
  <datafield tag="689" ind1="1" ind2="2">
   <subfield code="a">z</subfield>
   <subfield code="2">gnd</subfield>
   <subfield code="a">Geschichte 1500-1850</subfield>
  </datafield>
  <datafield tag="689" ind1="1" ind2=" ">
   <subfield code="5">(DE-627)</subfield>
  </datafield>
  <datafield tag="689" ind1="2" ind2="0">
   <subfield code="d">g</subfield>
   <subfield code="0">(DE-588)4011882-4</subfield>
   <subfield code="0">(DE-627)104704861</subfield>
   <subfield code="0">(DE-576)208896155</subfield>
   <subfield code="a">Deutschland</subfield>
   <subfield code="2">gnd</subfield>
  </datafield>
  <datafield tag="689" ind1="2" ind2="1">
   <subfield code="d">s</subfield>
   <subfield code="0">(DE-588)4173575-4</subfield>
   <subfield code="0">(DE-627)105378909</subfield>
   <subfield code="0">(DE-576)209951281</subfield>
   <subfield code="a">Pauperismus</subfield>
   <subfield code="2">gnd</subfield>
  </datafield>
  <datafield tag="689" ind1="2" ind2="2">
   <subfield code="d">s</subfield>
   <subfield code="0">(DE-588)4160816-1</subfield>
   <subfield code="0">(DE-627)10476631X</subfield>
   <subfield code="0">(DE-576)209860758</subfield>
   <subfield code="a">Hungersnot</subfield>
   <subfield code="2">gnd</subfield>
  </datafield>
  <datafield tag="689" ind1="2" ind2="3">
   <subfield code="a">z</subfield>
   <subfield code="2">gnd</subfield>
   <subfield code="a">Geschichte 1500-1850</subfield>
  </datafield>
  <datafield tag="689" ind1="2" ind2=" ">
   <subfield code="5">(DE-627)</subfield>
  </datafield>
  <datafield tag="787" ind1="0" ind2="8">
   <subfield code="i">Rezension</subfield>
   <subfield code="a">François, Étienne, 1943 - </subfield>
   <subfield code="t">[Rezension von: Abel, Wilhelm, Massenarmut und Hungerkrisen im vorindustriellen Europa, Versuch einer Synopsis, mit 8 Tabellen]</subfield>
   <subfield code="d">1975</subfield>
   <subfield code="w">(DE-627)641089996</subfield>
  </datafield>
  <datafield tag="787" ind1="0" ind2="8">
   <subfield code="i">Rezension</subfield>
   <subfield code="a">Haushofer, Heinz, 1906 - 1988</subfield>
   <subfield code="t">[Besprechung von:] Abel, Wilhelm: Massenarmut und Hungerkrisen im vorindustriellen Europa. Versuch einer Synopsis. Hamburg und Berlin 1974</subfield>
   <subfield code="d">1975</subfield>
   <subfield code="w">(DE-627)488370337</subfield>
  </datafield>
  <datafield tag="787" ind1="0" ind2="8">
   <subfield code="i">Rezension</subfield>
   <subfield code="a">Suckale, Robert, 1943 - 2020</subfield>
   <subfield code="t">Abel, Wilhelm, Massenarmut und Hungerkrisen im vorindustriellen Europa</subfield>
   <subfield code="d">1977</subfield>
   <subfield code="w">(DE-627)1462038069</subfield>
   <subfield code="w">(DE-576)392038064</subfield>
  </datafield>
  <datafield tag="787" ind1="0" ind2="8">
   <subfield code="i">Rezensiert in</subfield>
   <subfield code="a">François, Étienne, 1943 - </subfield>
   <subfield code="t">[Rezension von: Wilhelm Abel, Massenarmut und Hungerkrisen im vorindustriellen Europa]</subfield>
   <subfield code="d">München : Artemis Verlag, 1976</subfield>
   <subfield code="w">(DE-627)1577724658</subfield>
   <subfield code="w">(DE-576)507724658</subfield>
  </datafield>
  <datafield tag="889" ind1=" " ind2=" ">
   <subfield code="w">(DE-627)321206312</subfield>
  </datafield>
  <datafield tag="889" ind1=" " ind2=" ">
   <subfield code="w">(DE-627)02053423X</subfield>
  </datafield>
  <datafield tag="935" ind1=" " ind2=" ">
   <subfield code="i">Blocktest</subfield>
  </datafield>
  <datafield tag="936" ind1="r" ind2="v">
   <subfield code="a">NW 4100</subfield>
   <subfield code="b">Geschichte der Konjunkturen und Krisen</subfield>
   <subfield code="k">Geschichte</subfield>
   <subfield code="k">Wirtschafts- und Sozialgeschichte</subfield>
   <subfield code="k">Spezielle Wirtschaftsgeschichte</subfield>
   <subfield code="k">Geschichte der Konjunkturen und Krisen</subfield>
   <subfield code="0">(DE-627)1271540045</subfield>
   <subfield code="0">(DE-625)rvk/132105:</subfield>
   <subfield code="0">(DE-576)201540045</subfield>
  </datafield>
  <datafield tag="936" ind1="r" ind2="v">
   <subfield code="a">QF 410</subfield>
   <subfield code="b">Eruopa insgesamt</subfield>
   <subfield code="k">Wirtschaftswissenschaften</subfield>
   <subfield code="k">Wirtschafts- und Sozialgeschichte</subfield>
   <subfield code="k">Zeitalter des Merkantilismus (1550-1750)</subfield>
   <subfield code="k">Europa</subfield>
   <subfield code="k">Eruopa insgesamt</subfield>
   <subfield code="0">(DE-627)127160681X</subfield>
   <subfield code="0">(DE-625)rvk/141347:</subfield>
   <subfield code="0">(DE-576)20160681X</subfield>
  </datafield>
  <datafield tag="936" ind1="r" ind2="v">
   <subfield code="a">NW 2200</subfield>
   <subfield code="b">Wirtschafts- und Sozialgeschichte der Neuzeit (bis zur Gegenwart)</subfield>
   <subfield code="k">Geschichte</subfield>
   <subfield code="k">Wirtschafts- und Sozialgeschichte</subfield>
   <subfield code="k">Allgemeine Wirtschafts- und Sozialgeschichte</subfield>
   <subfield code="k">Allgemeines zur Wirtschafts- und Sozialgeschichte mehrerer Staaten und Länder</subfield>
   <subfield code="k">Wirtschafts- und Sozialgeschichte der Neuzeit (bis zur Gegenwart)</subfield>
   <subfield code="0">(DE-627)1271498618</subfield>
   <subfield code="0">(DE-625)rvk/131972:</subfield>
   <subfield code="0">(DE-576)201498618</subfield>
  </datafield>
  <datafield tag="936" ind1="r" ind2="v">
   <subfield code="a">QF 010</subfield>
   <subfield code="b">Europa insgesamt</subfield>
   <subfield code="k">Wirtschaftswissenschaften</subfield>
   <subfield code="k">Wirtschafts- und Sozialgeschichte</subfield>
   <subfield code="k">Europa</subfield>
   <subfield code="k">Europa insgesamt</subfield>
   <subfield code="0">(DE-627)1271497557</subfield>
   <subfield code="0">(DE-625)rvk/141306:</subfield>
   <subfield code="0">(DE-576)201497557</subfield>
  </datafield>
  <datafield tag="936" ind1="b" ind2="k">
   <subfield code="a">15.08</subfield>
   <subfield code="j">Sozialgeschichte</subfield>
   <subfield code="0">(DE-627)181571005</subfield>
  </datafield>
  <datafield tag="936" ind1="b" ind2="k">
   <subfield code="a">15.34</subfield>
   <subfield code="j">Europäische Geschichte 1492-1789</subfield>
   <subfield code="0">(DE-627)181569574</subfield>
  </datafield>
  <datafield tag="936" ind1="b" ind2="k">
   <subfield code="a">44.21</subfield>
   <subfield code="j">Ernährung</subfield>
   <subfield code="x">Medizin</subfield>
   <subfield code="0">(DE-627)106409557</subfield>
  </datafield>
  <datafield tag="936" ind1="s" ind2="n">
   <subfield code="a">n100</subfield>
   <subfield code="2">mzub</subfield>
  </datafield>
  <datafield tag="936" ind1="s" ind2="n">
   <subfield code="a">q100</subfield>
   <subfield code="2">mzub</subfield>
  </datafield>
  <datafield tag="951" ind1=" " ind2=" ">
   <subfield code="a">BO</subfield>
  </datafield>
  <datafield tag="990" ind1=" " ind2=" ">
   <subfield code="a">Hungersnot</subfield>
  </datafield>
  <datafield tag="990" ind1=" " ind2=" ">
   <subfield code="a">Geschichte 1500-1850</subfield>
  </datafield>
  <datafield tag="990" ind1=" " ind2=" ">
   <subfield code="a">Europa</subfield>
  </datafield>
  <datafield tag="990" ind1=" " ind2=" ">
   <subfield code="a">Armut</subfield>
  </datafield>
  <datafield tag="990" ind1=" " ind2=" ">
   <subfield code="a">Geschichte 1500-1850</subfield>
  </datafield>
  <datafield tag="990" ind1=" " ind2=" ">
   <subfield code="a">Deutschland</subfield>
  </datafield>
  <datafield tag="990" ind1=" " ind2=" ">
   <subfield code="a">Pauperismus</subfield>
  </datafield>
  <datafield tag="990" ind1=" " ind2=" ">
   <subfield code="a">Hungersnot</subfield>
  </datafield>
  <datafield tag="990" ind1=" " ind2=" ">
   <subfield code="a">Geschichte 1500-1850</subfield>
  </datafield>
  <datafield tag="991" ind1=" " ind2=" ">
   <subfield code="a">Rezensiertes Werk</subfield>
  </datafield>
  <datafield tag="999" ind1=" " ind2=" ">
   <subfield code="a">KXP-PPN025739077</subfield>
   <subfield code="e">4020480583</subfield>
  </datafield>
 </record>
</collection>
